[Event "Guernsey Open"]
[Site "Guernsey"]
[Date "2010.10.17"]
[Round "1"]
[White "Burton, Ronnie"]
[Black "Hillarp Persson, Tiger"]
[Result "0-1"]
[WhiteElo "2015"]
[BlackElo "2517"]
[PlyCount "56"]
[EventDate "2010.10.17"]
[SourceDate "2010.10.30"]

1. d4 g6 2. e4 Bg7 3. Nc3 d6 4. f4 a6 5. Nf3 b5 6. Bd3 Nd7 7. O-O c5 8. e5 cxd4
9. Be4 Rb8 10. Nxd4 dxe5 11. Nc6 Qb6+ 12. Kh1 Ngf6 13. Nxb8 Qxb8 14. Bf3 exf4
15. Nd5 Nxd5 16. Bxd5 e5 17. a4 b4 18. c3 O-O 19. cxb4 Nf6 20. Bc4 Qxb4 21. b3
Re8 22. Bd2 Qb7 23. Rc1 h5 24. Qe1 g5 25. Ba5 h4 26. Kg1 h3 27. Qf2 Ng4 28. Qf3
hxg2 0-1

[Event "Guernsey Open"]
[Site "Guernsey"]
[Date "2010.10.17"]
[Round "1"]
[White "Rowe, Peter"]
[Black "Sveshnikov, Vladimir"]
[Result "0-1"]
[WhiteElo "2012"]
[BlackElo "2374"]
[PlyCount "72"]
[EventDate "2010.10.17"]
[SourceDate "2010.10.30"]

1. d4 d5 2. Nf3 Nf6 3. Bf4 c5 4. e3 Nc6 5. c3 Qb6 6. Qc2 g6 7. Nbd2 Bg7 8. Be2
O-O 9. O-O Nh5 10. Bg5 h6 11. Bh4 Bf5 12. Qb3 g5 13. Qxb6 axb6 14. Bg3 Nxg3 15.
hxg3 c4 16. Nh2 b5 17. f4 gxf4 18. gxf4 b4 19. g4 bxc3 20. bxc3 Bh7 21. f5 Ra3
22. Nb1 Ra5 23. a3 Bf6 24. Ra2 e5 25. Rf3 e4 26. Rh3 Rb5 27. Ra1 Bg5 28. Nf1
Ra8 29. Nfd2 Rb2 30. Kf2 b5 31. Rh1 b4 32. cxb4 Nxb4 33. Bd1 c3 34. Nxc3 Rxd2+
35. Kf1 Bxe3 36. Be2 Bxd4 0-1

[Event "Guernsey Open"]
[Site "Guernsey"]
[Date "2010.10.17"]
[Round "1"]
[White "Bellin, Robert"]
[Black "Von Saldern, Ruediger"]
[Result "1-0"]
[WhiteElo "2365"]
[BlackElo "2012"]
[PlyCount "73"]
[EventDate "2010.10.17"]
[SourceDate "2010.10.30"]

1. e4 e5 2. Nf3 Nc6 3. Bb5 a6 4. Ba4 Nf6 5. O-O Be7 6. Bxc6 dxc6 7. d3 Bg4 8.
h3 Bxf3 9. Qxf3 Qd7 10. Nd2 O-O-O 11. Nc4 Qe6 12. Bd2 Bd6 13. Bg5 h6 14. Bxf6
gxf6 15. Ne3 Rdg8 16. Nf5 Rg6 17. Kh2 h5 18. h4 Bc5 19. g3 Kb8 20. c3 Rg4 21.
b4 Bd6 22. Rfb1 Rd8 23. Rb3 c5 24. Ne3 Be7 25. Rab1 c4 26. dxc4 Rd3 27. Qe2
Rxe3 28. Qxe3 Qxc4 29. f3 Rg8 30. Rd1 f5 31. Qd3 Qe6 32. exf5 Qf6 33. Qe4 Qb6
34. Rb2 Bc5 35. Rg2 Bd6 36. c4 Bxb4 37. Rb1 1-0

[Event "Guernsey Open"]
[Site "Guernsey"]
[Date "2010.10.17"]
[Round "1"]
[White "De Kruif, Kees"]
[Black "Mack, Wolfgang"]
[Result "0-1"]
[WhiteElo "2010"]
[BlackElo "2256"]
[PlyCount "56"]
[EventDate "2010.10.17"]
[SourceDate "2010.10.30"]

1. b4 d5 2. Bb2 Bg4 3. Nf3 Bxf3 4. exf3 e6 5. c4 Nf6 6. c5 g6 7. g3 Bg7 8. Bg2
O-O 9. O-O c6 10. d3 a5 11. a3 Nfd7 12. Bxg7 Kxg7 13. Nd2 e5 14. Qb3 Na6 15.
Qb2 Qf6 16. Rab1 Rfb8 17. Bh3 Nf8 18. Rfe1 axb4 19. axb4 b6 20. Qxe5 Qxe5 21.
Rxe5 bxc5 22. bxc5 Rxb1+ 23. Nxb1 Nxc5 24. Bf1 Ra1 25. Re1 Nfe6 26. Be2 Nd4 27.
Kf1 Ncb3 28. Rd1 Rxb1 0-1

[Event "Guernsey Open"]
[Site "Guernsey"]
[Date "2010.10.17"]
[Round "1"]
[White "Broek, Thomas"]
[Black "Dijksterhuis, Rolf"]
[Result "1-0"]
[WhiteElo "2217"]
[BlackElo "2008"]
[PlyCount "77"]
[EventDate "2010.10.17"]
[SourceDate "2010.10.30"]

1. e4 c5 2. Nf3 Nc6 3. d4 cxd4 4. Nxd4 e5 5. Nb5 a6 6. Nd6+ Bxd6 7. Qxd6 Qf6 8.
Qc7 Qg6 9. Nc3 Nf6 10. Qd6 Ng4 11. Qxg6 hxg6 12. Nd5 O-O 13. Bg5 f6 14. Bd2 f5
15. Be2 Nf6 16. Nxf6+ gxf6 17. exf5 Nd4 18. Bc4+ Kg7 19. O-O-O Nxf5 20. Bb4 Rh8
21. g3 b5 22. Bd5 Rb8 23. g4 Rh4 24. gxf5 Rxb4 25. Rdg1 g5 26. h4 Rd4 27. hxg5
fxg5 28. Rxg5+ Kf6 29. Rhh5 Rxd5 30. Rg6+ Ke7 31. Rh7+ Kd8 32. f6 Rd4 33. Rg8+
Kc7 34. f7 Rf4 35. f8=Q Rxf8 36. Rxf8 Rb6 37. Re8 Rf6 38. Rxe5 Rxf2 39. Rc5+
1-0

[Event "Guernsey Open"]
[Site "Guernsey"]
[Date "2010.10.17"]
[Round "1"]
[White "Ippel, Cornelius J"]
[Black "Gant, Chris"]
[Result "0-1"]
[WhiteElo "1996"]
[BlackElo "2206"]
[PlyCount "106"]
[EventDate "2010.10.17"]
[SourceDate "2010.10.30"]

1. e4 c5 2. Nf3 Nc6 3. d4 cxd4 4. Nxd4 g6 5. Nc3 Bg7 6. Be3 Nf6 7. Be2 O-O 8.
O-O d5 9. exd5 Nxd5 10. Nxd5 Qxd5 11. Bf3 Qa5 12. Nb3 Qc7 13. c3 Rd8 14. Qe2
Be6 15. Rfd1 Ne5 16. Rxd8+ Rxd8 17. Rd1 Bc4 18. Rxd8+ Qxd8 19. Qd1 Qxd1+ 20.
Bxd1 b6 21. Bd4 Nd3 22. Bxg7 Kxg7 23. Nd4 Nxb2 24. Bb3 Kf6 25. f4 Bxb3 26. axb3
Nd3 27. g3 a5 28. Kf1 e5 29. fxe5+ Kxe5 30. Ke2 Nc5 31. b4 axb4 32. Nf3+ Kd5
33. cxb4 Na6 34. Ng5 Nxb4 35. Nxf7 Nc6 36. Ng5 h6 37. Nh3 Nd4+ 38. Kd3 g5 39.
Nf2 Nf3 40. h3 Ne5+ 41. Ke3 b5 42. Ne4 b4 43. Nf6+ Kc4 44. Ne4 Kd5 45. Nf6+ Ke6
46. Ne4 Nc6 47. Kd3 Ke5 48. Nd2 Kd5 49. Ne4 Ne5+ 50. Ke3 b3 51. Nc3+ Kc4 52.
Nd1 Nd3 53. Ke4 Nf2+ 0-1

[Event "Guernsey Open"]
[Site "Guernsey"]
[Date "2010.10.17"]
[Round "1"]
[White "Havenaar, Jan"]
[Black "Downey, Kevin"]
[Result "1-0"]
[WhiteElo "2193"]
[BlackElo "1997"]
[PlyCount "74"]
[EventDate "2010.10.17"]
[SourceDate "2010.10.30"]

1. Nc3 c5 2. Nf3 Nc6 3. d4 cxd4 4. Nxd4 e6 5. g3 Nf6 6. Bg2 d5 7. O-O e5 8. Nb3
d4 9. Ne4 Nxe4 10. Bxe4 Be7 11. Qd3 h6 12. Qb5 O-O 13. Bxc6 bxc6 14. Qxe5 Bf6
15. Qc5 Ba6 16. Re1 Re8 17. e4 dxe3 18. Bxe3 Bxb2 19. Rad1 Qf6 20. Rd6 Re6 21.
Rd7 Bc3 22. Red1 Be2 23. Bd4 Qf3 24. Rb1 Bxd4 25. Nxd4 Qg4 26. Nxe6 fxe6 27.
Rd4 Qg6 28. Qxc6 Rf8 29. Re4 Bg4 30. Rbe1 Qh5 31. Rxg4 Qxg4 32. Qxe6+ Qxe6 33.
Rxe6 Rc8 34. Ra6 Rxc2 35. Rxa7 Kh7 36. a4 Ra2 37. Kg2 Kg6 1-0

[Event "Guernsey Open"]
[Site "Guernsey"]
[Date "2010.10.17"]
[Round "1"]
[White "Jouault, Louis"]
[Black "Norman, Kenneth I"]
[Result "0-1"]
[WhiteElo "1984"]
[BlackElo "2168"]
[PlyCount "90"]
[EventDate "2010.10.17"]
[SourceDate "2010.10.30"]

1. e4 e5 2. Nf3 Nc6 3. Bc4 Bc5 4. O-O Nf6 5. d4 Bxd4 6. Nxd4 Nxd4 7. Bg5 d6 8.
f4 Be6 9. fxe5 dxe5 10. Bxe6 Nxe6 11. Qxd8+ Rxd8 12. Bxf6 gxf6 13. Na3 Ke7 14.
Nb5 c6 15. Nc3 Rd2 16. Rf2 Rxf2 17. Kxf2 Rd8 18. Ke3 Nd4 19. Rc1 f5 20. g3 Ke6
21. Ne2 Nxe2 22. exf5+ Kxf5 23. Rf1+ Ke6 24. Kxe2 f5 25. Rf3 Rd7 26. c4 c5 27.
b3 h5 28. Rf2 Rd4 29. Ke3 b6 30. Rf1 h4 31. Rf2 hxg3 32. hxg3 Rg4 33. Kf3 e4+
34. Kg2 Ke5 35. Kh3 e3 36. Re2 Ke4 37. Re1 Kd3 38. Kg2 Kd2 39. Rb1 e2 40. Kf2
Re4 41. Rb2+ Kd1 42. Rb1+ Kc2 43. Re1 Kd2 44. a3 a5 45. a4 Re8 0-1

[Event "Guernsey Open"]
[Site "Guernsey"]
[Date "2010.10.17"]
[Round "1"]
[White "Goater, Kevin"]
[Black "Lenier, Jude"]
[Result "1/2-1/2"]
[WhiteElo "2154"]
[BlackElo "1963"]
[PlyCount "40"]
[EventDate "2010.10.17"]
[SourceDate "2010.10.30"]

1. d4 Nf6 2. Nf3 e6 3. e3 c5 4. Bd3 b6 5. O-O Bb7 6. b3 d5 7. Bb2 Nbd7 8. Nbd2
Bd6 9. Ne5 Rc8 10. f4 Bb8 11. Qe2 O-O 12. Nxd7 Nxd7 13. dxc5 bxc5 14. Bxh7+
Kxh7 15. Qh5+ Kg8 16. Bxg7 Kxg7 17. Qg4+ Kh7 18. Rf3 Qf6 19. Rh3+ Qh6 20. Rxh6+
Kxh6 1/2-1/2

[Event "Guernsey Open"]
[Site "Guernsey"]
[Date "2010.10.17"]
[Round "1"]
[White "Van Randen, Fred"]
[Black "Williams, Peter A"]
[Result "0-1"]
[WhiteElo "1951"]
[BlackElo "2132"]
[PlyCount "52"]
[EventDate "2010.10.17"]
[SourceDate "2010.10.30"]

1. e4 e6 2. d4 d5 3. Nc3 Bb4 4. Nge2 dxe4 5. a3 Bxc3+ 6. Nxc3 Nc6 7. Be3 Nf6 8.
Bc4 O-O 9. h3 h6 10. Qd2 Ne7 11. g4 Ned5 12. g5 Nxe3 13. gxf6 Nxc4 14. Qe2 Qxf6
15. Nxe4 Qxd4 16. c3 Qe5 17. Qxc4 f5 18. O-O-O fxe4 19. Rhe1 Qg5+ 20. Kb1 Rxf2
21. Qxc7 Qg2 22. Rd8+ Kh7 23. Qc4 Rxb2+ 24. Ka1 b5 25. Qxe4+ Qxe4 26. Rxe4 Bb7
0-1

[Event "Guernsey Open"]
[Site "Guernsey"]
[Date "2010.10.17"]
[Round "1"]
[White "Casiot, David J"]
[Black "Dennis, Nigel W"]
[Result "1/2-1/2"]
[WhiteElo "2130"]
[BlackElo "1950"]
[PlyCount "77"]
[EventDate "2010.10.17"]
[SourceDate "2010.10.30"]

1. e4 c5 2. Nf3 e6 3. d4 cxd4 4. Nxd4 Nf6 5. Bd3 Nc6 6. Nf3 d6 7. O-O Be7 8.
Re1 Qc7 9. c3 O-O 10. Nbd2 a6 11. Nf1 b5 12. Ng3 b4 13. Bd2 bxc3 14. Bxc3 Bd7
15. Rc1 Rfe8 16. Bb1 Qb7 17. a3 a5 18. Ba2 a4 19. Qd2 Red8 20. Rcd1 Qb5 21. h3
Bc8 22. Qe3 Ba6 23. Rd2 Qb7 24. Red1 Qc7 25. Ng5 Bc8 26. Kh1 h6 27. Nf3 Bb7 28.
Qf4 Na5 29. e5 dxe5 30. Bxe5 Rxd2 31. Bxc7 Rxd1+ 32. Kh2 Nc6 33. Ne5 Nxe5 34.
Bxe5 Bd5 35. Bxd5 Rxd5 36. Bc3 Rdd8 37. Qc4 Rdc8 38. Qd3 Rd8 39. Qc4 1/2-1/2

[Event "Guernsey Open"]
[Site "Guernsey"]
[Date "2010.10.17"]
[Round "1"]
[White "Morcom, Huw"]
[Black "Taylor, Mark V"]
[Result "0-1"]
[WhiteElo "1950"]
[BlackElo "2128"]
[PlyCount "52"]
[EventDate "2010.10.17"]
[SourceDate "2010.10.30"]

1. e4 c5 2. Nf3 e6 3. d3 Nc6 4. g3 g6 5. Bg2 Bg7 6. O-O Nge7 7. c3 O-O 8. Na3
d5 9. Bg5 h6 10. Bd2 Kh7 11. Re1 a6 12. h4 b5 13. e5 Rb8 14. d4 b4 15. Nc2 bxc3
16. bxc3 cxd4 17. cxd4 Bd7 18. h5 Na5 19. Ne3 Nf5 20. hxg6+ fxg6 21. Bf1 Nxe3
22. Rxe3 Nc4 23. Bxc4 dxc4 24. Qc2 Bc6 25. Nh4 Qd5 26. f3 Qxd4 0-1

[Event "Guernsey Open"]
[Site "Guernsey"]
[Date "2010.10.17"]
[Round "1"]
[White "Heppell, Ian N"]
[Black "Fassaert, Desire"]
[Result "1/2-1/2"]
[WhiteElo "2126"]
[BlackElo "1926"]
[PlyCount "32"]
[EventDate "2010.10.17"]
[SourceDate "2010.10.30"]

1. e4 c6 2. c4 d5 3. exd5 cxd5 4. cxd5 Nf6 5. Nc3 Nxd5 6. Bc4 Nxc3 7. Qb3 e6 8.
dxc3 Qc7 9. Nf3 Nc6 10. O-O Bd6 11. Rd1 O-O 12. Bd3 Ne5 13. Nxe5 Bxe5 14. h3
Bd7 15. Qc2 h6 16. Be3 Bc6 1/2-1/2

[Event "Guernsey Open"]
[Site "Guernsey"]
[Date "2010.10.17"]
[Round "1"]
[White "Forbes, Garry"]
[Black "Collier, David O"]
[Result "0-1"]
[WhiteElo "1922"]
[BlackElo "2115"]
[PlyCount "50"]
[EventDate "2010.10.17"]
[SourceDate "2010.10.30"]

1. d4 Nf6 2. Nf3 e6 3. e3 b6 4. Bd3 Bb7 5. O-O d6 6. c4 Nbd7 7. Nc3 Be7 8. e4
e5 9. d5 O-O 10. Re1 Ne8 11. Be3 g6 12. g4 Ng7 13. b4 Bc8 14. h3 Nf6 15. Bf1 h5
16. Nh2 hxg4 17. hxg4 Nh7 18. Bd3 Bg5 19. Qd2 Ne8 20. f3 Qf6 21. Bxg5 Nxg5 22.
Qg2 Kg7 23. Nf1 Rh8 24. Nh2 Qf4 25. Rf1 Qe3+ 0-1

[Event "Guernsey Open"]
[Site "Guernsey"]
[Date "2010.10.17"]
[Round "1"]
[White "Hamperl, Fred A"]
[Black "Hoare, Amy"]
[Result "1-0"]
[WhiteElo "2101"]
[BlackElo "1920"]
[PlyCount "205"]
[EventDate "2010.10.17"]
[SourceDate "2010.10.30"]

1. e4 e5 2. Nf3 Nc6 3. d4 exd4 4. Nxd4 Nf6 5. Nxc6 bxc6 6. Bd3 d5 7. exd5 cxd5
8. O-O Be7 9. c4 d4 10. Bg5 O-O 11. Nd2 Bb7 12. Nb3 g6 13. Re1 Re8 14. Bf1 c5
15. Bxf6 Bxf6 16. Rxe8+ Qxe8 17. Nxc5 Bc6 18. Qd2 Qe7 19. Nd3 Qc7 20. Qf4 Qxf4
21. Nxf4 Rb8 22. Nd3 Be4 23. Nc5 Bf5 24. b3 a5 25. Bd3 Bc8 26. Re1 Kf8 27. Be4
Be7 28. Nd3 Be6 29. Ne5 Rb6 30. Bc6 Bb4 31. Rd1 Bc5 32. Bb5 h5 33. Kf1 Bf5 34.
Bd7 f6 35. Bxf5 fxe5 36. Be4 Kg7 37. Rd3 Rf6 38. Ke2 Rf4 39. f3 Kh6 40. Rd1 Kg7
41. Kd3 Rf8 42. Bd5 g5 43. Ke4 Kf6 44. g3 Re8 45. Rh1 Re7 46. h4 Bd6 47. Rg1
Rg7 48. Rh1 gxh4 49. Rxh4 Kg5 50. Rh1 Re7 51. Bg8 Rg7 52. Bd5 Re7 53. Bc6 Re6
54. Kd5 Rf6 55. Be8 Rh6 56. c5 Bc7 57. Ke4 Rh8 58. Bd7 Rh7 59. c6 Rh6 60. a3
Rd6 61. f4+ exf4 62. gxf4+ Kg6 63. Be8+ Kf6 64. Kd3 Re6 65. Bd7 Re3+ 66. Kc4
Rc3+ 67. Kxd4 Rxb3 68. Rxh5 Rxa3 69. f5 Ra1 70. Rh6+ Ke7 71. Re6+ Kf8 72. Re8+
Kf7 73. Kc4 Rb1 74. Ra8 Rc1+ 75. Kb3 Rb1+ 76. Ka2 Rc1 77. Ra7 Bb6 78. Rb7 Bd8
79. Kb2 Rc5 80. Kb3 Kf6 81. Rb8 Bc7 82. Re8 Kf7 83. Re4 Rb5+ 84. Ka4 Rc5 85.
Rh4 Kg7 86. Rg4+ Kf7 87. Rg6 Rc3 88. Rh6 Kg7 89. Re6 Kf7 90. Be8+ Kf8 91. f6
Rf3 92. Bg6 Rf4+ 93. Kb5 Rb4+ 94. Ka6 Rb8 95. f7 Kg7 96. Re8 Bd6 97. f8=Q+ Bxf8
98. Rxb8 Bd6 99. Rd8 Be7 100. Rd7 Kxg6 101. Rxe7 a4 102. c7 a3 103. c8=Q 1-0

[Event "Guernsey Open"]
[Site "Guernsey"]
[Date "2010.10.17"]
[Round "1"]
[White "Gravett, Alan D"]
[Black "Paardekam, Rene"]
[Result "1/2-1/2"]
[WhiteElo "1913"]
[BlackElo "2090"]
[PlyCount "37"]
[EventDate "2010.10.17"]
[SourceDate "2010.10.30"]

1. Nf3 d6 2. g3 e5 3. d3 Nc6 4. Bg2 f5 5. Nc3 Nf6 6. Bg5 Be7 7. Bxf6 Bxf6 8. e4
O-O 9. Qd2 fxe4 10. dxe4 Bg4 11. Nd5 Bxf3 12. Bxf3 Bg5 13. Qd1 Nd4 14. Bg2 c6
15. h4 cxd5 16. hxg5 Qxg5 17. c3 Qf6 18. O-O Nf3+ 19. Qxf3 1/2-1/2

[Event "Guernsey Open"]
[Site "Guernsey"]
[Date "2010.10.17"]
[Round "1"]
[White "Westerkamp, Bert"]
[Black "Goris Schouwstra, Adry"]
[Result "1-0"]
[WhiteElo "2063"]
[BlackElo "1911"]
[PlyCount "53"]
[EventDate "2010.10.17"]
[SourceDate "2010.10.30"]

1. c4 c5 2. Nf3 Nc6 3. Nc3 e6 4. d4 cxd4 5. Nxd4 Nxd4 6. Qxd4 a6 7. g3 Qf6 8.
Be3 Qxd4 9. Bxd4 d6 10. Bg2 Ne7 11. O-O Nc6 12. Bb6 Be7 13. Rfd1 f5 14. e4 g6
15. Bc7 Ne5 16. b3 Nf7 17. Na4 Bd8 18. Bxd6 Nxd6 19. Rxd6 Ke7 20. Rad1 Bc7 21.
e5 Rb8 22. Nb6 Bxb6 23. Rxb6 Rd8 24. Rdd6 Rxd6 25. exd6+ Kd8 26. c5 Ra8 27.
Bxb7 1-0

[Event "Guernsey Open"]
[Site "Guernsey"]
[Date "2010.10.17"]
[Round "1"]
[White "Guttridge, David"]
[Black "Bolt, Graham"]
[Result "0-1"]
[WhiteElo "1904"]
[BlackElo "2062"]
[PlyCount "73"]
[EventDate "2010.10.17"]
[SourceDate "2010.10.30"]

1. d4 g6 2. Nf3 Bg7 3. Bf4 d6 4. h3 Nd7 5. e3 a6 6. c4 e5 7. Bg5 f6 8. Bh4 Nh6
9. g4 Nf7 10. Qc2 Qe7 11. Nc3 c6 12. a4 exd4 13. Nxd4 O-O 14. O-O-O Nc5 15. Bg2
Bd7 16. Rhe1 Rfc8 17. a5 Rab8 18. b4 Ne6 19. Na4 c5 20. Nxe6 Bxe6 21. bxc5 dxc5
22. Nb6 Rf8 23. f4 Nd6 24. f5 gxf5 25. Bg3 Rbd8 26. Bxd6 Rxd6 27. gxf5 Rxd1+
28. Rxd1 Bf7 29. Nd5 Qe5 30. Qb2 Qg3 31. Qe2 Kh8 32. e4 Qa3+ 33. Qb2 Qxa5 34.
Qxb7 Bh5 35. Rg1 Qa1+ 36. Qb1 Qd4 37. Kc2 0-1

[Event "Guernsey Open"]
[Site "Guernsey"]
[Date "2010.10.17"]
[Round "1"]
[White "Prins, Jan"]
[Black "Cummins, John"]
[Result "1-0"]
[WhiteElo "2061"]
[BlackElo "1882"]
[PlyCount "81"]
[EventDate "2010.10.17"]
[SourceDate "2010.10.30"]

1. d4 d5 2. c4 Nf6 3. Nf3 Bg4 4. Ne5 Bh5 5. Nc3 e6 6. Qb3 Nc6 7. Qa4 Bb4 8.
Nxc6 Bxc3+ 9. bxc3 Qd7 10. Bf4 O-O 11. e3 bxc6 12. Qa5 Ne4 13. f3 Nd6 14. c5
Nc4 15. Bxc4 dxc4 16. Rb1 Bg6 17. Rb7 f6 18. Qb4 Bd3 19. Rxc7 Qe8 20. Bd6 Qg6
21. Kf2 Rfc8 22. Qb7 Re8 23. Qxc6 Bb1 24. e4 Bd3 25. h4 Qh6 26. Qd7 Rad8 27.
Qf7+ Kh8 28. Rd7 Rc8 29. Rh3 Qg6 30. h5 Qh6 31. Rg3 Qd2+ 32. Kg1 Rg8 33. Qxe6
Rce8 34. Qg4 Qe3+ 35. Kh2 Qh6 36. Rh3 f5 37. Qxf5 Re6 38. Bf4 Qf6 39. Qxf6 Rxf6
40. Be5 Rff8 41. h6 1-0

[Event "Guernsey Open"]
[Site "Guernsey"]
[Date "2010.10.17"]
[Round "1"]
[White "Gibson, John"]
[Black "Van Ingen, Ton"]
[Result "0-1"]
[WhiteElo "1873"]
[BlackElo "2058"]
[PlyCount "82"]
[EventDate "2010.10.17"]
[SourceDate "2010.10.30"]

1. d4 Nf6 2. Nf3 c5 3. d5 e6 4. Nc3 d6 5. Bg5 Be7 6. e4 O-O 7. Bd3 Nxd5 8. Nxd5
exd5 9. Bxe7 Qxe7 10. Qe2 dxe4 11. Qxe4 Qxe4+ 12. Bxe4 Re8 13. O-O-O Rxe4 14.
Rxd6 Nc6 15. Rhd1 Bg4 16. R1d5 Bxf3 17. gxf3 Rd4 18. c3 Rxd5 19. Rxd5 b6 20.
Rd6 Rc8 21. Kc2 Kf8 22. f4 Ke7 23. Rd3 Rd8 24. Rh3 h6 25. Rg3 Kf6 26. h4 Ne7
27. h5 Rd5 28. Rh3 Rf5 29. Rd3 Rxh5 30. Rd6+ Kf5 31. Rd7 Ke6 32. Rxa7 Rd5 33.
Rb7 Rd6 34. a4 h5 35. Ra7 h4 36. a5 Nc6 37. Ra8 Nxa5 38. Rh8 Kf5 39. Rf8 Rf6
40. Rg8 Rg6 41. Rd8 h3 0-1

[Event "Guernsey Open"]
[Site "Guernsey"]
[Date "2010.10.17"]
[Round "1"]
[White "Pleasants, Allan J"]
[Black "Williams, Peter D"]
[Result "1-0"]
[WhiteElo "2048"]
[BlackElo "1866"]
[PlyCount "35"]
[EventDate "2010.10.17"]
[SourceDate "2010.10.30"]

1. Nf3 d5 2. g3 Nf6 3. Bg2 g6 4. d4 Bg7 5. c4 O-O 6. cxd5 Nxd5 7. O-O Nc6 8.
Nc3 e6 9. Bg5 Bf6 10. h4 Bxg5 11. hxg5 Qe7 12. Rc1 Rd8 13. Qc2 Bd7 14. Rfd1
Rac8 15. Ne4 Kg7 16. a3 Be8 17. Nc5 b6 18. Nb7 1-0

[Event "Guernsey Open"]
[Site "Guernsey"]
[Date "2010.10.17"]
[Round "1"]
[White "Nicholson, John"]
[Black "Thurlow, Kevin J"]
[Result "0-1"]
[WhiteElo "1863"]
[BlackElo "2045"]
[PlyCount "38"]
[EventDate "2010.10.17"]
[SourceDate "2010.10.30"]

1. e4 c5 2. Nf3 Nc6 3. c3 d5 4. e5 Bg4 5. Bb5 a6 6. Bxc6+ bxc6 7. O-O Qd7 8. d4
cxd4 9. cxd4 e6 10. Nc3 c5 11. Be3 cxd4 12. Bxd4 Nh6 13. h3 Bxf3 14. Qxf3 Nf5
15. Rfd1 Be7 16. g4 Nxd4 17. Rxd4 O-O 18. Qg3 f6 19. Re1 fxe5 0-1

[Event "Guernsey Open"]
[Site "Guernsey"]
[Date "2010.10.17"]
[Round "1"]
[White "Goris, Ton"]
[Black "Brookfield, Toby"]
[Result "1-0"]
[WhiteElo "2044"]
[BlackElo "1782"]
[PlyCount "101"]
[EventDate "2010.10.17"]
[SourceDate "2010.10.30"]

1. e4 c5 2. c3 d6 3. d4 Nf6 4. Bd3 cxd4 5. cxd4 g6 6. Nf3 Bg7 7. O-O O-O 8. Nc3
Nc6 9. h3 e5 10. d5 Nd4 11. Nxd4 exd4 12. Nb5 Re8 13. Bf4 Nxe4 14. Rc1 Nc5 15.
Nxd6 Nxd3 16. Qxd3 Re7 17. Nb5 Bf5 18. Qb3 Re2 19. d6 d3 20. Rc7 Qe8 21. Nc3
Be6 22. Qa3 Bxc3 23. Qxc3 Qb5 24. Bh6 Qe5 25. Qxd3 Rd8 26. Rxb7 Rxb2 27. Rxa7
Rxa2 28. Rxa2 Bxa2 29. Rd1 Be6 30. Qd4 f6 31. Qxe5 fxe5 32. Bg5 Rd7 33. f3 Kf7
34. Kf2 Ra7 35. Rd2 Bf5 36. Be3 Rb7 37. Bg5 Ke6 38. Be7 Kd7 39. Re2 Rb5 40. Kg3
Rc5 41. Ra2 h5 42. Ra7+ Ke8 43. Ra8+ Kd7 44. Ra7+ Ke8 45. Bf6 Rd5 46. Re7+ Kf8
47. Bg7+ Kg8 48. Bxe5 Rd2 49. Kh4 Re2 50. f4 Rd2 51. g4 1-0

[Event "Guernsey Open"]
[Site "Guernsey"]
[Date "2010.10.17"]
[Round "1"]
[White "Warmerdam, Robert"]
[Black "Kirby, Peter"]
[Result "0-1"]
[WhiteElo "1789"]
[BlackElo "2031"]
[PlyCount "82"]
[EventDate "2010.10.17"]
[SourceDate "2010.10.30"]

1. d4 Nf6 2. c4 g6 3. Nc3 d5 4. cxd5 Nxd5 5. Bd2 Bg7 6. e4 Nb6 7. Be3 O-O 8.
Nf3 Bg4 9. Be2 Nc6 10. d5 Bxf3 11. Bxf3 Ne5 12. Be2 Nec4 13. Bc1 c6 14. dxc6
Qxd1+ 15. Bxd1 bxc6 16. O-O Rfd8 17. Bc2 Rd7 18. Rd1 Rad8 19. Rxd7 Rxd7 20. a4
a5 21. g3 e6 22. Kg2 Nxb2 23. Ra3 Nd3 24. Bxd3 Rxd3 25. Nd5 Rd1 26. Nxb6 Rxc1
27. Rd3 Bc3 28. Rd8+ Kg7 29. Rd7 Bb4 30. Rc7 Bd6 31. Rc8 Rc2 32. Nd7 h5 33. e5
Be7 34. Re8 Bc5 35. Nf6 Bd4 36. Rg8+ Kh6 37. Rh8+ Kg5 38. Nd7 Rxf2+ 39. Kh3 Rd2
40. Nf6 Bxe5 41. Ne4+ Kf5 0-1

[Event "Guernsey Open"]
[Site "Guernsey"]
[Date "2010.10.17"]
[Round "1"]
[White "Pickersgill, Adrian O"]
[Black "Smith, David WF"]
[Result "1/2-1/2"]
[WhiteElo "2030"]
[BlackElo "1726"]
[PlyCount "106"]
[EventDate "2010.10.17"]
[SourceDate "2010.10.30"]

1. e4 c6 2. d4 d5 3. f3 Nd7 4. Nc3 e6 5. Bd3 Bb4 6. Nge2 Nb6 7. a3 Be7 8. O-O
c5 9. dxc5 Bxc5+ 10. Kh1 Nf6 11. e5 Nfd7 12. f4 a6 13. b4 Be7 14. Nd4 g6 15.
Nce2 Qc7 16. Ng1 Nc4 17. Ngf3 h6 18. Qe1 b5 19. Qg3 Ndb6 20. Nd2 Bd7 21. N2b3
O-O-O 22. Be3 Rdg8 23. Bg1 Rh7 24. Nc5 Bxc5 25. bxc5 Na4 26. Nb3 Bc6 27. Bd4
Rhh8 28. Ra2 Qe7 29. Qe1 Kd7 30. Rf3 Ra8 31. Rh3 h5 32. Bf2 Rag8 33. Bh4 Qf8
34. Bf6 Nxc5 35. Bxh8 Rxh8 36. Na5 Kc7 37. Nxc6 Kxc6 38. Bxc4 dxc4 39. Ra1 Qe7
40. Rd1 Rd8 41. Re3 Rd5 42. Rxd5 exd5 43. Qd1 Ne4 44. Qd4 Nc5 45. g3 Ne6 46.
Qd2 Qa7 47. Re1 Qb6 48. c3 Nc5 49. Rd1 Nd3 50. Kg2 Qc5 51. Ra1 d4 52. cxd4 Qd5+
53. Kh3 Qd7+ 1/2-1/2

[Event "Guernsey Open"]
[Site "Guernsey"]
[Date "2010.10.17"]
[Round "1"]
[White "Bridel, Jon"]
[Black "Spanton, Timothy R"]
[Result "0-1"]
[WhiteElo "1653"]
[BlackElo "2020"]
[PlyCount "60"]
[EventDate "2010.10.17"]
[SourceDate "2010.10.30"]

1. b3 d5 2. Bb2 Nf6 3. e3 Bf5 4. Nf3 Nbd7 5. d3 c6 6. Be2 Qc7 7. Nbd2 e5 8. c4
Rc8 9. Qc2 Bd6 10. e4 Bg4 11. O-O O-O 12. cxd5 cxd5 13. Qxc7 Rxc7 14. Rac1 Rfc8
15. Rxc7 Rxc7 16. Bd1 b5 17. h3 Bh5 18. g4 Bg6 19. Nh4 Bb4 20. Nxg6 hxg6 21.
Nf3 d4 22. Ne1 Nc5 23. Bc2 Bxe1 24. Rxe1 Ncxe4 25. Bb1 Nd2 26. Kg2 Nxb1 27.
Rxb1 Rc2 28. Ba3 Nd5 29. Kf3 b4 30. Ke4 Nc3+ 0-1

[Event "Guernsey Open"]
[Site "Guernsey"]
[Date "2010.10.17"]
[Round "1"]
[White "Chidi, Lovinia"]
[Black "Knight, Tim R"]
[Result "1/2-1/2"]
[WhiteElo "1801"]
[BlackElo "1650"]
[PlyCount "54"]
[EventDate "2010.10.17"]
[SourceDate "2010.10.30"]

1. d4 Nf6 2. Nf3 g6 3. c4 Bg7 4. Nc3 d5 5. e3 O-O 6. Be2 c6 7. O-O Bg4 8. cxd5
cxd5 9. Ne5 Bxe2 10. Qxe2 e6 11. h3 Nbd7 12. Nxd7 Qxd7 13. Bd2 Rac8 14. Rac1 a6
15. Qd3 Rc7 16. b3 Rfc8 17. Na4 Rxc1 18. Rxc1 Rxc1+ 19. Bxc1 Qc6 20. Bd2 Bf8
21. Qc3 Qxc3 22. Bxc3 Nd7 23. Kf1 Bd6 24. Ke2 Kf8 25. Nb2 Ke7 26. Nd3 f6 27. f3
e5 1/2-1/2

[Event "Guernsey Open"]
[Site "Guernsey"]
[Date "2010.10.18"]
[Round "2"]
[White "Taylor, Mark V"]
[Black "Pert, Nicholas"]
[Result "0-1"]
[WhiteElo "2128"]
[BlackElo "2561"]
[PlyCount "62"]
[EventDate "2010.10.17"]
[SourceDate "2010.10.30"]

1. d4 d5 2. c4 c6 3. Nf3 Nf6 4. Nc3 dxc4 5. e3 b5 6. a4 b4 7. Na2 e6 8. Bxc4
Nbd7 9. O-O Bb7 10. Bd2 a5 11. Qe2 c5 12. Rfd1 Be7 13. Nc1 cxd4 14. Nxd4 O-O
15. Be1 Qb6 16. Ncb3 Ne5 17. Bb5 Rac8 18. Rac1 Ne4 19. f3 Nd6 20. Bf2 Nxb5 21.
Nxb5 Rxc1 22. Rxc1 Rc8 23. Rxc8+ Bxc8 24. Qc2 Bd7 25. e4 Qd8 26. N3d4 Qc8 27.
Qxc8+ Bxc8 28. b3 Bd7 29. Bg3 Nd3 30. Bc7 e5 31. Ne2 Be6 0-1

[Event "Guernsey Open"]
[Site "Guernsey"]
[Date "2010.10.18"]
[Round "2"]
[White "Hillarp Persson, Tiger"]
[Black "Hamperl, Fred A"]
[Result "1-0"]
[WhiteElo "2517"]
[BlackElo "2101"]
[PlyCount "85"]
[EventDate "2010.10.17"]
[SourceDate "2010.10.30"]

1. Nf3 c5 2. c4 Nc6 3. Nc3 g6 4. d4 cxd4 5. Nxd4 Bg7 6. Nc2 Nf6 7. e4 O-O 8.
Be2 d6 9. O-O Ne8 10. Bd2 f5 11. exf5 Bxf5 12. Ne3 Nd4 13. Nxf5 Nxe2+ 14. Qxe2
Rxf5 15. Rae1 Re5 16. Qd3 Qd7 17. Nd5 e6 18. Ne3 Rd8 19. Bc3 Rc5 20. Bxg7 Qxg7
21. b4 Rc7 22. Qe4 Qf7 23. Ng4 Kg7 24. Qd4+ e5 25. Nxe5 Qf6 26. Nf3 b6 27. Qd5
Rcd7 28. Re3 Nc7 29. Qd4 d5 30. c5 bxc5 31. bxc5 Nb5 32. Qxf6+ Kxf6 33. Rb3 a6
34. a4 Nc7 35. Rb6+ Kf5 36. Re1 Re8 37. Nd4+ Kg5 38. Rxe8 Nxe8 39. g3 Nc7 40.
h4+ Kg4 41. Kg2 Re7 42. f3+ Kh5 43. Kh3 1-0